| 000 | 00742nam a22002295a 4500 | ||
|---|---|---|---|
| 008 | 150831r20142011ii a frb 001 0 eng d | ||
| 020 | _a9789350141496 | ||
| 040 |
_aEG-ScBUE _beng _cEG-ScBUE |
||
| 082 | 0 | 4 |
_222 _a006.3 _bAWA |
| 100 | 1 |
_aAwasthy, Neeta. _938791 |
|
| 245 | 1 | 0 |
_aSoft computing / _cby Neeta Awasthy. |
| 246 | 3 | 4 |
_aSoft computing : _bwith neural networks, fuzzy logic and genetic algorithm |
| 250 | _a1st ed., Reprint ed. | ||
| 260 |
_aNew Delhi : _bS. K. Kataria & Sons, _c2014. |
||
| 300 |
_a294 p. : _bill. ; _c27 cm. |
||
| 500 | _aIndex : p. 293-294. | ||
| 504 | _aBibliography : p. 285-292. | ||
| 650 | 7 |
_2BUEsh _913248 _aSoft computing. |
|
| 651 | _2BUEsh | ||
| 653 |
_bCOMSCI _cAugust2015 _cNovember2015 |
||
| 942 | _2ddc | ||
| 999 |
_c20786 _d20758 |
||